Normal view MARC view
  • García, Loli

Entry NOMBRE PERSONAL

Number of records used in: 4

001 - NUMERO DE CONTROL DEL REGISTRO

  • Campo de control: 328688

003 - IDENTIFICADOR DEL NÚMERO DE CONTROL

  • Campo de control: ES-SlBCS

005 - FECHA Y HORA DE LA ÚLTIMA TRANSACCIÓN

  • Campo de control: 20210717170727.0

008 - ELEMENTOS DE LONGITUD FIJA

  • Campos de control de longitud fija: 210327|| aca||aabn | a|a d

040 ## - FUENTE DE LA CATALOGACIÓN

  • Agencia que crea de manera original el registro: ES-SlBCS
  • Agencia que realiza la transcripción: ES-SlBCS

100 1# - ENCABEZAMIENTO - NOMBRE PERSONAL

  • Nombre personal: García, Loli

670 ## - FUENTE EN LA QUE SE LOCALIZARON DATOS

  • Cita de la fuente: Work cat.: (ES-SlBCS)750186: García, Loli, La autoevaluación como vía de desarrollo profesional docente

Bibliotecas Dominicos Provincia Hispania, 2016

Con tecnología Koha